000 00632nam a22002297a 4500
001 14460
003 BD-JhCC
005 20251129130354.0
008 251129b |||||||| |||| 00| 0 eng d
020 _a9780141398716
035 _a(BD-JhCC) 14460
040 _aBD-JhCC
_dBD-JhCC
041 _aeng
082 _223
_a947.073
_bTUR
100 _aTurgenev, Ivan
245 _aKasyan from the beautiful lands /
_cIvanTurgenev
260 _aLondon:
_bPenguin Classics,
_c2015
300 _a55p.;
_c17 cm.
_ePaper
490 _aPenguin Little black classics,
_vN,75
650 _aHaunting accounts of rural Russia
942 _2ddc
_cBK
999 _c14460
_d14460